Tratamiento econométrico de la inversión / (Registro nro. 5353)

Detalles MARC
000 -LEADER
fixed length control field 01066nam a2200277Ia 4500
003 - CONTROL NUMBER IDENTIFIER
control field OSt
005 - DATE AND TIME OF LATEST TRANSACTION
control field 20200611095354.0
008 - FIXED-LENGTH DATA ELEMENTS--GENERAL INFORMATION
fixed length control field 191128s1974 sp ad fr 001 0 spa d
020 ## - INTERNATIONAL STANDARD BOOK NUMBER
International Standard Book Number 8403182813
040 ## - CATALOGING SOURCE
Original cataloging agency CO-JMCR
Transcribing agency CO-JMCR
041 0# - LANGUAGE CODE
Language code of text/sound track or separate title spa
082 04 - DEWEY DECIMAL CLASSIFICATION NUMBER
Classification number 330.0182 /
Item number P843t
Edition number 23
100 1# - MAIN ENTRY--PERSONAL NAME
Personal name Pulido, Antonio,
Relator term autor
9 (RLIN) 5477
245 10 - TITLE STATEMENT
Title Tratamiento econométrico de la inversión /
Statement of responsibility, etc. Antonio Pulido
250 ## - EDITION STATEMENT
Edition statement Primera edición
260 ## - PUBLICATION, DISTRIBUTION, ETC.
Place of publication, distribution, etc. Madrid :
Name of publisher, distributor, etc. Aguilar,
Date of publication, distribution, etc. 1974
300 ## - PHYSICAL DESCRIPTION
Extent 219 páginas, [10] hojas plegables :
Other physical details gráficos a blanco y negro ;
Dimensions 21 cm.
490 0# - SERIES STATEMENT
Series statement Biblioteca de Ciencias Sociales. Sección economía
500 ## - GENERAL NOTE
General note Incluye índice alfabético de autores y materias.
504 ## - BIBLIOGRAPHY, ETC. NOTE
Bibliography, etc. note Bibliográfia: páginas 202-209
505 0# - FORMATTED CONTENTS NOTE
Formatted contents note Antecedentes de una teoría de la inversión -- Implicaciones econométricas de la teoría de la inversión -- Experiencias econométricas con modelos de inversión
650 14 - SUBJECT ADDED ENTRY--TOPICAL TERM
Topical term or geographic name entry element Modelos econométricos
9 (RLIN) 5178
650 14 - SUBJECT ADDED ENTRY--TOPICAL TERM
Topical term or geographic name entry element Inversiones
9 (RLIN) 5478
650 14 - SUBJECT ADDED ENTRY--TOPICAL TERM
Topical term or geographic name entry element Econometría
9 (RLIN) 5479
942 ## - ADDED ENTRY ELEMENTS (KOHA)
Source of classification or shelving scheme Dewey Decimal Classification
Koha item type Books
Existencias
Withdrawn status Lost status Source of classification or shelving scheme Damaged status Not for loan Collection code Home library Current library Date acquired Source of acquisition Cost, normal purchase price Total Checkouts Full call number Barcode Date last seen Copy number Koha item type
    Dewey Decimal Classification     Non-fiction Biblioteca Pública José María del Castillo y Rada Biblioteca Pública José María del Castillo y Rada 04/15/2018 Donación 0.00   330.0182 / P843t 430001748 05/16/2024 Ej.1 Books